Daniel Day-Lewis Oscar Nominations Quiz Stats

 Plays Quiz not verified by Sporcle

Score 0/6 Timer 03:00
0 Plays Today
Character Film % Correct
★ Title Character ★Lincoln
98.5%
★ Christy Brown ★My Left Foot
96.5%
Bill 'The Butcher' CuttingGangs of New York
94.9%
★ Daniel Plainview ★There Will Be Blood
93.9%
Reynolds WoodcockPhantom Thread
81.6%
Gerry ConlonIn the Name of the Father
80.3%

You're not logged in!

Compare scores with friends on all Sporcle quizzes.
OR
Log In

You Might Also Like...

Show Comments

Extras

Top Quizzes Today


Score Distribution

Your Account Isn't Verified!

In order to create a playlist on Sporcle, you need to verify the email address you used during registration. Go to your Sporcle Settings to finish the process.

Report this User

Report this user for behavior that violates our Community Guidelines.

Details: